000 01388nam a22001937a 4500
005 20240124124333.0
010 _aB-757130-140
020 _a9788196140953
_c210.00
035 _aB-757130-140
037 _aअक्षरेश एंटरप्राइज़ेज़
082 _a000
245 _aBPSC प्राथमिक,माध्यमिक और उच्च माध्यमिक विद्यालय:
_bअध्यापक भर्ती परीक्षा हिंदी एवं अंग्रेजी /
_cसंपादक एन.एन.ओझा
260 _aउत्तर प्रदेश
_bक्रॉनिकल पब्लिकेशन प्रा.लि.
_c2023
270 _aए-27डी, सेक्टर-16, नोएडा
_bउत्तर प्रदेश
_e201301
300 _aविविद पृ.
_c28सेमी(अजिल्द)
700 _aओझा,एन.एन.
_eसंपादक
_961076
942 _2ddc
_cHN
_h000
_mBPS
999 _c200311
_d200311